000 00569nam a2200181Ia 4500
008 151018s9999 xx 000 0 und d
082 _bRBASDV21529
_a891.463
100 _aसंजय सोनवणी
245 _aअश्वत्थामा
250 _b1
260 _bपुष्प प्रकाशन पुणे
_c1989
300 _a155
600 _aसंजय सोनवणी
630 _aअश्वत्थामा
700 _aसंजय सोनवणी
730 _aअश्वत्थामा
942 _cBOOK
999 _c1021209
_d1021206